00887 2200289 4500001002100000005001500021035002000036007000300056008004100059020002200100082001600122084001600138245008000154250003200234300003800266650004200304700003100346264004600377336002100423337003000444338002300474040002200497090002200519850001200541999002200553990002200575INLIS00000000088519020240321021715 a0010-0324000620ta240321s2024 yoi g | ind d a978-623-164-593-704223a342.035 a342.035 AMA0 aAmandemen I-IV dan pengetahuan umum Indonesia /cpenyunting, Herman Adamson aCetakan Pertama: Maret 2024 aiv, 124 halaman :btabel ;c19 cm 4aUndang-Undang Dasar 1945--xAmandemen0 aHerman AdamsonePenyunting31aYogyakarta :bAnak Hebat Indonesia,c2024 2rdacontentateks 2rdamediaatanpa perantara 2rdacarrieravolume aYOPDYOGbinderda aCB-D.11 2024-0181 aYOPDYOG aCB-D.11/2024-0181 aCB-D.11/2024-0181